| 000 | 00413nam a2200181Ia 4500 | ||
|---|---|---|---|
| 008 | 220726s9999||||xx |||||||||||||| ||und|| | ||
| 020 | _a9789374736647 | ||
| 082 | _a610 | ||
| 082 | _bDev/H | ||
| 100 | _aDevaliya, Roopam | ||
| 245 | 0 | _aRoopam-Pharmaciutical Chemistry-1, 1/Ed. | |
| 250 | _a1st Edition | ||
| 260 | _aDelhi | ||
| 260 | _bAITBS Publishers | ||
| 260 | _c2022 | ||
| 300 | _a164 | ||
| 942 | _cPB | ||
| 999 |
_c34272 _d34272 |
||